书目信息 |
| 题名: |
中英法夏季奥运会体育词汇
|
|
| 作者: | 张京华 编著 | |
| 分册: | ||
| 出版信息: | 北京 人民体育出版社 2006 |
|
| 页数: | 171页 | |
| 开本: | 17cm | |
| 丛书名: | ||
| 单 册: | ||
| 中图分类: | G811.211 | |
| 科图分类: | ||
| 主题词: | 夏季奥运会--词汇--汉语--英语--法语 , 夏季奥运会 , 词汇 | |
| 电子资源: | ||
| ISBN: | 7-5009-2940-4 | |
| 000 | 01060nam0 2200265 450 | |
| 001 | 003175529 | |
| 005 | 20070804111632.48 | |
| 010 | @a7-5009-2940-4@dCNY11.00 | |
| 100 | @a20060614d2006 em y0chiy0110 ea | |
| 101 | 0 | @achi@aeng@afre |
| 102 | @aCN@b110000 | |
| 105 | @ay z 000yy | |
| 200 | 1 | @a中英法夏季奥运会体育词汇@9zhong ying fa xia ji ao yun hui ti yu ci hui@dChinese/English/French lexicon of olympic summer games@f张京华编著@zeng |
| 210 | @a北京@c人民体育出版社@d2006 | |
| 215 | @a171页@d17cm | |
| 330 | @a本书是一册体育专业性的词汇集,包括:夏季奥运会28个竞赛大项目的名称,对应的国际体育组织的名称,对应的中国体育组织的名称,202个国家(地区)的名称及缩写。 | |
| 510 | 1 | @aChinese/English/French lexicon of Olympic summer games@zeng |
| 510 | 1 | @aLexique Chinois/Anglais/Francais des jeux olympiques dete@zfre |
| 606 | 0 | @a夏季奥运会@x词汇@x汉语@x英语@x法语 |
| 606 | 0 | @a夏季奥运会 |
| 606 | 0 | @a词汇 |
| 690 | @aG811.211@v3 | |
| 701 | 0 | @a张京华@9zhang jing hua@c(体育)@4编著 |
| 801 | 0 | @aCN@bNLC@c20070804 |
| 905 | @a10447@dG811.211@e48 | |
| 中英法夏季奥运会体育词汇=Chinese/English/French lexicon of olympic summer games/张京华编著.-北京:人民体育出版社,2006 |
| 171页;17cm |
| ISBN 7-5009-2940-4:CNY11.00 |
| 本书是一册体育专业性的词汇集,包括:夏季奥运会28个竞赛大项目的名称,对应的国际体育组织的名称,对应的中国体育组织的名称,202个国家(地区)的名称及缩写。 |
| ● |
| 相关链接 |
|
|
|
|
正题名:中英法夏季奥运会体育词汇
索取号:G811.211/48
 
预约/预借
| 序号 | 登录号 | 条形码 | 馆藏地/架位号 | 状态 | 备注 |
| 1 | 0803501 | 208035017 | 第一样本阅览室/ [索取号:G811.211/48] | 在馆 | |
| 2 | 0803502 | 208035026 | 第四借阅区/ [索取号:G811.211/48] | 在馆 | |
| 3 | 0803503 | 208035035 | 第四借阅区/ [索取号:G811.211/48] | 在馆 | |
| 4 | 0803504 | 208035044 | 第四借阅区/ [索取号:G811.211/48] | 在馆 | |
| 5 | 0803505 | 208035053 | 第四借阅区/ [索取号:G811.211/48] | 在馆 | |
| 6 | 0803506 | 208035062 | 第四借阅区/ [索取号:G811.211/48] | 在馆 | |
| 7 | 0803507 | 208035071 | 第四借阅区/ [索取号:G811.211/48] | 在馆 | |
| 8 | 0803508 | 208035080 | 第四借阅区/ [索取号:G811.211/48] | 在馆 | |
| 9 | 0803509 | 208035099 | 第四借阅区/ [索取号:G811.211/48] | 在馆 | |
| 10 | 0803510 | 208035106 | 第四借阅区/ [索取号:G811.211/48] | 在馆 |